000 00645nam a2200217 i 4500
001 74379
003 ES-MaACL
005 20250723061834.0
007 t|
008 040917q1919 sp ||||1| spa d
100 0 _aTeófilo
_9109715
245 1 0 _aApuntes de derecho romano /
_cpor Teófilo [seud.].
260 _aMadrid :
_bLibrería de V. Suárez,
_c1919.
300 _a670 p. ;
_c21 cm.
490 1 _aBiblioteca jurídica escolar
500 _aEjemplar hectografiado.
650 0 7 _aDerecho romano
_2embne
_911764
830 0 _aBiblioteca jurídica escolar
_9231214
852 _aES-MaACL
_jA-763
999 _c74379
_d74379